[Event "World Chess Olympiad 2018"]
[Site "Batumi"]
[Date "2018.09.24"]
[Round "1"]
[Board "4"]
[WhiteFideId "5902355"]
[White "Damianou Ioannis"]
[BlackFideId "3509362"]
[Black "Quesada Perez Yasser"]
[Result "1/2-1/2"]
[LiveChessVersion "1.4.8"]
[BlackElo "2523"]
[WhiteElo "2008"]

1. c4 {[%clk 1:24:05]} e5 {[%clk 1:30:45]} 2. g3 {[%clk 1:24:18]} Nc6
{[%clk 1:30:23]} 3. Bg2 {[%clk 1:24:40]} g6 {[%clk 1:30:34]} 4. Nc3
{[%clk 1:24:39]} d6 {[%clk 1:30:22]} 5. d3 {[%clk 1:22:53]} Bg7 {[%clk 1:30:41]}
6. e4 {[%clk 1:22:35]} f5 {[%clk 1:25:55]} 7. Nge2 {[%clk 1:22:20]} Nf6
{[%clk 1:24:39]} 8. O-O {[%clk 1:19:11]} O-O {[%clk 1:23:39]} 9. h3
{[%clk 1:14:47]} Nh5 {[%clk 1:20:04]} 10. exf5 {[%clk 1:07:48]} gxf5
{[%clk 1:20:12]} 11. Nd5 {[%clk 1:06:54]} Be6 {[%clk 1:07:46]} 12. Nec3
{[%clk 1:02:37]} Nf6 {[%clk 1:06:42]} 13. Be3 {[%clk 0:56:10]} Qd7
{[%clk 1:04:52]} 14. Kh2 {[%clk 0:51:57]} Ne8 {[%clk 0:57:02]} 15. Qd2
{[%clk 0:45:36]} Nd8 {[%clk 0:57:05]} 16. Ne2 {[%clk 0:45:59]} c6
{[%clk 0:56:36]} 17. Ndc3 {[%clk 0:46:13]} Nf6 {[%clk 0:55:47]} 18. b3
{[%clk 0:39:32]} d5 {[%clk 0:48:13]} 19. cxd5 {[%clk 0:38:32]} Nxd5
{[%clk 0:48:21]} 20. d4 {[%clk 0:37:24]} f4 {[%clk 0:46:18]} 21. gxf4
{[%clk 0:32:40]} Nxf4 {[%clk 0:32:50]} 22. Nxf4 {[%clk 0:25:36]} exf4
{[%clk 0:33:14]} 23. Bxf4 {[%clk 0:26:01]} Qxd4 {[%clk 0:33:21]} 24. Qxd4
{[%clk 0:24:58]} Bxd4 {[%clk 0:33:49]} 25. Bd2 {[%clk 0:24:40]} Bf5
{[%clk 0:31:42]} 26. f4 {[%clk 0:20:48]} Ne6 {[%clk 0:31:50]} 27. Rae1
{[%clk 0:20:40]} Rad8 {[%clk 0:30:27]} 28. Ne4 {[%clk 0:17:03]} Bb6
{[%clk 0:23:48]} 29. Bb4 {[%clk 0:10:59]} c5 {[%clk 0:24:03]} 30. Bc3
{[%clk 0:11:22]} Nd4 {[%clk 0:21:29]} 31. Ng3 {[%clk 0:09:54]} Bd3
{[%clk 0:21:52]} 32. Rf2 {[%clk 0:09:30]} Bc7 {[%clk 0:21:35]} 33. Bxb7
{[%clk 0:08:33]} Bxf4 {[%clk 0:19:31]} 34. Be4 {[%clk 0:07:59]} Nc2
{[%clk 0:14:08]} 35. Bxd3 {[%clk 0:06:08]} Rxd3 {[%clk 0:14:23]} 36. Rg1
{[%clk 0:06:30]} Ne3 {[%clk 0:10:06]} 37. Rxf4 {[%clk 0:05:56]} Rxf4
{[%clk 0:10:30]} 38. Ne2+ {[%clk 0:06:09]} Ng4+ {[%clk 0:07:08]} 39. hxg4
{[%clk 0:06:31]} Rf2+ {[%clk 0:06:16]} 40. Rg2 {[%clk 0:36:54]} Rxe2
{[%clk 0:36:36]} 41. Rxe2 {[%clk 0:37:15]} Rxc3 {[%clk 0:36:56]} 42. Rd2
{[%clk 0:35:51]} a5 {[%clk 0:36:55]} 43. Kg2 {[%clk 0:31:06]} Kf7
{[%clk 0:37:04]} 44. Rd7+ {[%clk 0:31:10]} Kg6 {[%clk 0:36:46]} 45. Rd5
{[%clk 0:29:31]} Kf6 {[%clk 0:37:03]} 46. Rh5 {[%clk 0:26:46]} Ke6
{[%clk 0:35:43]} 47. Rxh7 {[%clk 0:26:40]} Rc2+ {[%clk 0:35:19]} 48. Kf3
{[%clk 0:26:43]} Rxa2 {[%clk 0:35:45]} 49. Ke4 {[%clk 0:25:25]} Re2+
{[%clk 0:31:48]} 50. Kd3 {[%clk 0:25:35]} Rg2 {[%clk 0:32:11]} 51. Kc4
{[%clk 0:24:02]} Rc2+ {[%clk 0:32:09]} 52. Kd3 {[%clk 0:23:32]} Rg2
{[%clk 0:31:04]} 53. Kc4 {[%clk 0:23:23]} Rxg4+ {[%clk 0:31:27]} 54. Kxc5
{[%clk 0:23:46]} Rb4 {[%clk 0:31:49]} 55. Ra7 {[%clk 0:23:53]} Rxb3
{[%clk 0:32:13]} 56. Rxa5 {[%clk 0:24:18]} 1/2-1/2

[Event "World Chess Olympiad 2018"]
[Site "Batumi"]
[Date "2018.09.24"]
[Round "1"]
[Board "1"]
[WhiteFideId "8400709"]
[White "Gavarrete Nahun"]
[BlackFideId "813192"]
[Black "Vocaturo Daniele"]
[Result "0-1"]
[LiveChessVersion "1.4.8"]
[BlackElo "2615"]
[WhiteElo "2249"]

1. c4 {[%clk 1:30:53]} c5 {[%clk 1:30:15]} 2. Nf3 {[%clk 1:30:38]} Nc6
{[%clk 1:30:11]} 3. g3 {[%clk 1:30:51]} g6 {[%clk 1:29:52]} 4. Bg2
{[%clk 1:31:13]} Bg7 {[%clk 1:29:56]} 5. Nc3 {[%clk 1:30:39]} d6 {[%clk 1:29:52]}
6. O-O {[%clk 1:30:10]} e6 {[%clk 1:29:28]} 7. d3 {[%clk 1:24:39]} Nge7
{[%clk 1:29:27]} 8. Bd2 {[%clk 1:22:12]} b6 {[%clk 1:28:03]} 9. a3
{[%clk 1:19:40]} Bb7 {[%clk 1:27:32]} 10. Rb1 {[%clk 1:19:42]} Qd7
{[%clk 1:25:19]} 11. b4 {[%clk 1:16:40]} h6 {[%clk 1:22:01]} 12. Qc1
{[%clk 1:14:21]} g5 {[%clk 1:20:01]} 13. h4 {[%clk 1:09:02]} g4 {[%clk 1:17:55]}
14. Nh2 {[%clk 1:06:51]} f5 {[%clk 1:15:44]} 15. Re1 {[%clk 1:02:32]} Rd8
{[%clk 1:10:42]} 16. e4 {[%clk 1:01:48]} Ne5 {[%clk 1:09:16]} 17. exf5
{[%clk 0:56:40]} Bxg2 {[%clk 1:06:25]} 18. Kxg2 {[%clk 0:56:59]} Nxd3
{[%clk 0:56:35]} 19. Qc2 {[%clk 0:54:19]} Nxe1+ {[%clk 0:56:57]} 20. Rxe1
{[%clk 0:54:40]} e5 {[%clk 0:56:28]} 21. Nxg4 {[%clk 0:48:52]} Qxf5
{[%clk 0:52:54]} 22. Re4 {[%clk 0:45:08]} cxb4 {[%clk 0:46:39]} 23. axb4
{[%clk 0:45:11]} Qe6 {[%clk 0:46:23]} 24. Qa4+ {[%clk 0:39:10]} Rd7
{[%clk 0:40:33]} 25. Nb5 {[%clk 0:31:10]} O-O {[%clk 0:38:33]} 26. Bxh6
{[%clk 0:18:38]} Bxh6 {[%clk 0:26:36]} 27. Nd4 {[%clk 0:18:45]} Qg6
{[%clk 0:26:52]} 28. Nxh6+ {[%clk 0:19:02]} Kh8 {[%clk 0:27:10]} 29. f3
{[%clk 0:05:34]} Rb7 {[%clk 0:24:38]} 30. Qa6 {[%clk 0:04:50]} Rfb8
{[%clk 0:24:40]} 0-1

[Event "World Chess Olympiad 2018"]
[Site "Batumi"]
[Date "2018.09.24"]
[Round "1"]
[Board "2"]
[WhiteFideId "865834"]
[White "Moroni Luca Jr"]
[BlackFideId "8401411"]
[Black "Miliam Escobar David Isaac"]
[Result "1-0"]
[LiveChessVersion "1.4.8"]
[BlackElo "1787"]
[WhiteElo "2547"]

1. c4 {[%clk 1:30:57]} e6 {[%clk 1:30:54]} 2. Nc3 {[%clk 1:31:22]} Nf6
{[%clk 1:31:15]} 3. e4 {[%clk 1:31:45]} d6 {[%clk 1:29:34]} 4. d4
{[%clk 1:32:02]} g6 {[%clk 1:29:53]} 5. Be3 {[%clk 1:27:52]} Bg7 {[%clk 1:29:35]}
6. f3 {[%clk 1:28:07]} Nbd7 {[%clk 1:29:30]} 7. Qd2 {[%clk 1:27:47]} e5
{[%clk 1:27:24]} 8. d5 {[%clk 1:27:10]} Qe7 {[%clk 1:25:12]} 9. Nge2
{[%clk 1:25:51]} a6 {[%clk 1:22:13]} 10. g4 {[%clk 1:24:19]} b6 {[%clk 1:21:38]}
11. h4 {[%clk 1:22:06]} Nc5 {[%clk 1:16:40]} 12. b4 {[%clk 1:19:56]} Nb7
{[%clk 1:12:31]} 13. h5 {[%clk 1:18:27]} Nxg4 {[%clk 0:54:54]} 14. fxg4
{[%clk 1:15:47]} Bxg4 {[%clk 0:53:40]} 15. hxg6 {[%clk 1:15:28]} hxg6
{[%clk 0:53:54]} 16. Rxh8+ {[%clk 1:14:33]} Bxh8 {[%clk 0:54:22]} 17. O-O-O
{[%clk 1:11:59]} a5 {[%clk 0:53:09]} 18. a3 {[%clk 1:10:59]} axb4
{[%clk 0:53:20]} 19. axb4 {[%clk 1:11:26]} f5 {[%clk 0:53:08]} 20. Kb2
{[%clk 1:10:17]} f4 {[%clk 0:41:22]} 21. Bf2 {[%clk 1:09:21]} Bf6
{[%clk 0:41:10]} 22. Nb5 {[%clk 1:05:43]} Kd8 {[%clk 0:38:34]} 23. Ra1
{[%clk 1:04:27]} Rxa1 {[%clk 0:38:00]} 24. Kxa1 {[%clk 1:04:56]} Bh4
{[%clk 0:38:03]} 25. Ng1 {[%clk 1:02:47]} Bxf2 {[%clk 0:37:37]} 26. Qxf2
{[%clk 1:03:15]} Qg5 {[%clk 0:37:42]} 27. Nf3 {[%clk 0:57:49]} Qh5
{[%clk 0:35:41]} 28. Be2 {[%clk 0:55:33]} g5 {[%clk 0:35:33]} 29. Qg2
{[%clk 0:55:08]} Bxf3 {[%clk 0:32:59]} 30. Bxf3 {[%clk 0:55:05]} Qh4
{[%clk 0:33:20]} 31. Kb2 {[%clk 0:52:45]} Kc8 {[%clk 0:31:08]} 32. Na7+
{[%clk 0:51:12]} Kd7 {[%clk 0:30:13]} 33. Qg4+ {[%clk 0:50:36]} Qxg4
{[%clk 0:30:30]} 34. Bxg4+ {[%clk 0:51:04]} Ke7 {[%clk 0:30:34]} 35. Nc6+
{[%clk 0:51:29]} Ke8 {[%clk 0:30:33]} 36. Kb3 {[%clk 0:51:50]} Nd8
{[%clk 0:30:17]} 37. Nxd8 {[%clk 0:51:56]} Kxd8 {[%clk 0:30:45]} 38. Ka4
{[%clk 0:52:19]} f3 {[%clk 0:30:29]} 39. Bxf3 {[%clk 0:52:44]} Kc8
{[%clk 0:30:52]} 40. Kb5 {[%clk 1:23:10]} Kb7 {[%clk 1:01:13]} 41. Bg4
{[%clk 1:23:37]} Ka7 {[%clk 1:01:04]} 42. Kc6 {[%clk 1:24:02]} Kb8
{[%clk 1:01:30]} 43. b5 {[%clk 1:24:18]} 1-0

[Event "World Chess Olympiad 2018"]
[Site "Batumi"]
[Date "2018.09.24"]
[Round "1"]
[Board "3"]
[WhiteFideId "8400555"]
[White "Miller Marlon"]
[BlackFideId "813613"]
[Black "Brunello Sabino"]
[Result "0-1"]
[LiveChessVersion "1.4.8"]
[BlackElo "2552"]
[WhiteElo "2028"]

1. c4 {[%clk 1:30:35]} e5 {[%clk 1:30:51]} 2. Nc3 {[%clk 1:30:57]} d6
{[%clk 1:31:11]} 3. g3 {[%clk 1:31:10]} f5 {[%clk 1:31:14]} 4. Bg2
{[%clk 1:31:29]} Nf6 {[%clk 1:31:17]} 5. e3 {[%clk 1:30:55]} c6 {[%clk 1:27:58]}
6. Nge2 {[%clk 1:30:31]} Be6 {[%clk 1:19:34]} 7. d3 {[%clk 1:29:23]} Nbd7
{[%clk 1:16:17]} 8. Rb1 {[%clk 1:27:40]} g6 {[%clk 1:12:17]} 9. b4
{[%clk 1:23:38]} d5 {[%clk 1:12:37]} 10. cxd5 {[%clk 1:17:28]} cxd5
{[%clk 1:12:48]} 11. Qb3 {[%clk 1:16:58]} Nb6 {[%clk 1:11:39]} 12. a4
{[%clk 1:10:45]} Bf7 {[%clk 1:04:51]} 13. d4 {[%clk 1:05:27]} e4 {[%clk 1:04:21]}
14. O-O {[%clk 1:00:07]} Rc8 {[%clk 1:00:34]} 15. Bd2 {[%clk 0:59:35]} Nc4
{[%clk 0:54:33]} 16. Rfd1 {[%clk 0:57:16]} g5 {[%clk 0:50:59]} 17. Be1
{[%clk 0:49:26]} h5 {[%clk 0:51:12]} 18. a5 {[%clk 0:41:57]} Bd6 {[%clk 0:37:51]}
19. a6 {[%clk 0:39:24]} b6 {[%clk 0:33:20]} 20. Nb5 {[%clk 0:37:27]} Bb8
{[%clk 0:33:13]} 21. Na3 {[%clk 0:37:25]} h4 {[%clk 0:25:07]} 22. Nxc4
{[%clk 0:35:18]} Rxc4 {[%clk 0:24:23]} 23. b5 {[%clk 0:31:40]} Bh5
{[%clk 0:19:06]} 24. Rd2 {[%clk 0:27:37]} Qc8 {[%clk 0:16:20]} 25. Rbb2
{[%clk 0:25:23]} f4 {[%clk 0:16:21]} 26. exf4 {[%clk 0:25:34]} gxf4
{[%clk 0:14:00]} 27. Nxf4 {[%clk 0:21:10]} Bxf4 {[%clk 0:14:05]} 28. gxf4
{[%clk 0:21:33]} Rg8 {[%clk 0:14:10]} 29. Kh1 {[%clk 0:14:27]} Rxg2
{[%clk 0:14:26]} 0-1

[Event "World Chess Olympiad 2018"]
[Site "Batumi"]
[Date "2018.09.24"]
[Round "1"]
[Board "4"]
[WhiteFideId "818860"]
[White "Valsecchi Alessio"]
[BlackFideId "2212552"]
[Black "Huguet Sergio"]
[Result "1-0"]
[LiveChessVersion "1.4.8"]
[BlackElo "2053"]
[WhiteElo "2500"]

1. d4 {[%clk 1:30:55]} Nf6 {[%clk 1:30:45]} 2. c4 {[%clk 1:31:07]} g6
{[%clk 1:30:59]} 3. Nc3 {[%clk 1:30:41]} Bg7 {[%clk 1:31:09]} 4. e4
{[%clk 1:30:16]} d6 {[%clk 1:31:31]} 5. Be2 {[%clk 1:29:29]} O-O {[%clk 1:31:21]}
6. Be3 {[%clk 1:29:07]} e5 {[%clk 1:27:02]} 7. d5 {[%clk 1:29:11]} a5
{[%clk 1:25:33]} 8. g4 {[%clk 1:28:16]} Na6 {[%clk 1:22:03]} 9. g5
{[%clk 1:27:15]} Ne8 {[%clk 1:19:29]} 10. h4 {[%clk 1:27:06]} f5 {[%clk 1:17:04]}
11. gxf6 Nxf6 {[%clk 1:14:50]} 12. h5 {[%clk 1:15:25]} Nc5 {[%clk 1:11:58]} 13.
hxg6 {[%clk 1:10:55]} hxg6 {[%clk 1:11:24]} 14. Bf3 {[%clk 1:07:27]} Bd7
{[%clk 1:04:01]} 15. Nh3 {[%clk 0:58:52]} Qc8 {[%clk 0:58:12]} 16. Ng5
{[%clk 0:58:23]} Ng4 {[%clk 0:54:33]} 17. Bxc5 {[%clk 0:56:14]} dxc5
{[%clk 0:54:33]} 18. d6 {[%clk 0:52:06]} Bh6 {[%clk 0:41:57]} 19. Bxg4
{[%clk 0:45:36]} Bxg5 {[%clk 0:41:08]} 20. Qd5+ {[%clk 0:45:27]} Kg7
{[%clk 0:38:00]} 21. Qxe5+ {[%clk 0:44:38]} Bf6 {[%clk 0:37:45]} 22. Qh2
{[%clk 0:44:45]} Bxc3+ {[%clk 0:31:11]} 23. bxc3 {[%clk 0:45:07]} Bxg4
{[%clk 0:30:50]} 24. Qh7+ {[%clk 0:45:26]} Kf6 {[%clk 0:31:04]} 25. Qe7#
{[%clk 0:45:53]} 1-0

[Event "World Chess Olympiad 2018"]
[Site "Batumi"]
[Date "2018.09.24"]
[Round "1"]
[Board "2"]
[WhiteFideId "4650891"]
[White "Naiditsch Arkadij"]
[BlackFideId "13503391"]
[Black "Gurbanov Andrei"]
[Result "1-0"]
[LiveChessVersion "1.4.8"]
[BlackElo "2305"]
[WhiteElo "2721"]

1. e4 {[%clk 1:30:52]} e5 {[%clk 1:30:43]} 2. Nf3 {[%clk 1:31:10]} Nc6
{[%clk 1:31:07]} 3. Nc3 {[%clk 1:31:32]} Nf6 {[%clk 1:30:01]} 4. Bb5
{[%clk 1:31:50]} Bc5 {[%clk 1:29:29]} 5. O-O {[%clk 1:31:18]} O-O
{[%clk 1:29:25]} 6. Bxc6 {[%clk 1:29:48]} dxc6 {[%clk 1:25:54]} 7. d3
{[%clk 1:30:11]} Re8 {[%clk 1:22:03]} 8. h3 {[%clk 1:29:48]} Bf8 {[%clk 1:18:05]}
9. Ne2 {[%clk 1:24:53]} a5 {[%clk 1:14:06]} 10. Ng3 {[%clk 1:21:09]} a4
{[%clk 1:12:39]} 11. Bd2 {[%clk 1:13:48]} c5 {[%clk 1:11:08]} 12. Qe2
{[%clk 1:12:52]} Nd7 {[%clk 1:05:17]} 13. Nf5 {[%clk 1:12:30]} Nb8
{[%clk 1:04:21]} 14. g4 {[%clk 1:08:46]} Nc6 {[%clk 1:04:19]} 15. Kh2
{[%clk 1:07:03]} b6 {[%clk 0:56:15]} 16. Rg1 {[%clk 1:06:46]} Be6
{[%clk 0:48:06]} 17. Rg3 {[%clk 1:05:48]} b5 {[%clk 0:47:14]} 18. h4
{[%clk 1:04:12]} c4 {[%clk 0:45:21]} 19. h5 {[%clk 1:01:40]} cxd3
{[%clk 0:41:37]} 20. cxd3 {[%clk 1:02:01]} Qd7 {[%clk 0:41:43]} 21. h6
{[%clk 0:54:04]} g6 {[%clk 0:39:27]} 22. Bg5 {[%clk 0:54:19]} b4 {[%clk 0:36:57]}
23. Qe3 {[%clk 0:50:40]} Ra5 {[%clk 0:36:07]} 24. Bh4 {[%clk 0:38:52]} Rc5
{[%clk 0:33:01]} 25. Ng7 {[%clk 0:33:00]} Rc2 {[%clk 0:27:45]} 26. Rc1
{[%clk 0:32:28]} Bc5 {[%clk 0:18:22]} 27. Nxe8 {[%clk 0:29:01]} Bxe3
{[%clk 0:17:32]} 28. Nf6+ {[%clk 0:28:52]} Kh8 {[%clk 0:17:55]} 29. Rxc2
{[%clk 0:28:00]} Qxd3 {[%clk 0:14:31]} 30. Ne1 {[%clk 0:19:00]} Qd8
{[%clk 0:11:31]} 31. fxe3 {[%clk 0:16:59]} Na5 {[%clk 0:10:58]} 32. Nf3
{[%clk 0:16:42]} Nc4 {[%clk 0:10:09]} 33. Nd5 1-0

[Event "World Chess Olympiad 2018"]
[Site "Batumi"]
[Date "2018.09.24"]
[Round "1"]
[Board "3"]
[WhiteFideId "4118464"]
[White "Scerbin Dmitrij"]
[BlackFideId "13401653"]
[Black "Mamedov Rauf"]
[Result "0-1"]
[LiveChessVersion "1.4.8"]
[BlackElo "2699"]
[WhiteElo "2264"]

1. e4 {[%clk 1:30:58]} c5 {[%clk 1:30:54]} 2. Nf3 {[%clk 1:30:47]} d6
{[%clk 1:31:19]} 3. c3 {[%clk 1:26:38]} Nf6 {[%clk 1:31:29]} 4. Bd3
{[%clk 1:26:51]} g6 {[%clk 1:31:54]} 5. Bc2 {[%clk 1:26:44]} Bg7 {[%clk 1:32:18]}
6. O-O {[%clk 1:26:59]} Nc6 {[%clk 1:31:45]} 7. Re1 {[%clk 1:25:39]} O-O
{[%clk 1:32:03]} 8. d3 {[%clk 1:25:40]} e5 {[%clk 1:31:35]} 9. Nbd2
{[%clk 1:25:46]} h6 {[%clk 1:31:08]} 10. Nf1 {[%clk 1:24:42]} d5 {[%clk 1:27:19]}
11. Qe2 {[%clk 1:23:01]} d4 {[%clk 1:24:10]} 12. Bd2 {[%clk 1:16:57]} Re8
{[%clk 1:20:13]} 13. a3 {[%clk 1:15:41]} Nh5 {[%clk 1:17:36]} 14. cxd4
{[%clk 1:10:26]} exd4 {[%clk 1:15:10]} 15. b4 {[%clk 1:05:40]} cxb4
{[%clk 1:12:37]} 16. axb4 {[%clk 1:06:07]} b5 {[%clk 1:12:56]} 17. Bb3
{[%clk 1:04:31]} Be6 {[%clk 1:12:05]} 18. Qd1 {[%clk 0:50:47]} Nf6
{[%clk 1:08:48]} 19. Qc2 {[%clk 0:46:27]} Rc8 {[%clk 1:03:26]} 20. Bxe6
{[%clk 0:46:28]} Rxe6 {[%clk 1:01:47]} 21. Rec1 {[%clk 0:43:36]} Nd7
{[%clk 0:58:46]} 22. Ng3 {[%clk 0:40:23]} Nb6 {[%clk 0:56:16]} 23. Qb3
{[%clk 0:38:26]} Na4 {[%clk 0:49:08]} 24. Ne2 {[%clk 0:37:44]} Nc3
{[%clk 0:45:47]} 25. Nf4 {[%clk 0:34:29]} Rd6 {[%clk 0:41:41]} 26. Bxc3
{[%clk 0:26:58]} dxc3 {[%clk 0:38:52]} 27. Nd5 {[%clk 0:27:26]} Ne7
{[%clk 0:23:23]} 28. Rxa7 {[%clk 0:25:09]} Nxd5 {[%clk 0:23:46]} 29. exd5
{[%clk 0:25:37]} Rxd5 {[%clk 0:21:18]} 30. d4 {[%clk 0:24:20]} Rc4
{[%clk 0:18:13]} 31. Rxc3 {[%clk 0:13:31]} Rdxd4 {[%clk 0:16:17]} 32. Ne1
{[%clk 0:05:06]} Rd1 {[%clk 0:08:23]} 33. Re3 {[%clk 0:05:18]} Qd2
{[%clk 0:07:31]} 34. Re8+ {[%clk 0:02:26]} Kh7 {[%clk 0:07:43]} 35. Rae7
{[%clk 0:02:26]} Rf4 {[%clk 0:02:55]} 36. Qe3 {[%clk 0:01:12]} Qxe3
{[%clk 0:02:10]} 37. Rxe3 {[%clk 0:01:37]} Bd4 {[%clk 0:02:39]} 38. Rf3
{[%clk 0:01:35]} Rxf3 {[%clk 0:03:04]} 39. gxf3 {[%clk 0:02:03]} Bc3
{[%clk 0:03:30]} 0-1

[Event "World Chess Olympiad 2018"]
[Site "Batumi"]
[Date "2018.09.24"]
[Round "1"]
[Board "4"]
[WhiteFideId "13402129"]
[White "Safarli Eltaj"]
[BlackFideId "24194662"]
[Black "Tersinsev Andrey"]
[Result "1-0"]
[LiveChessVersion "1.4.8"]
[BlackElo "2194"]
[WhiteElo "2676"]

1. e4 {[%clk 1:30:56]} c5 {[%clk 1:30:46]} 2. Nf3 {[%clk 1:31:19]} Nc6
{[%clk 1:30:59]} 3. Bb5 {[%clk 1:31:44]} e6 {[%clk 1:30:41]} 4. O-O
{[%clk 1:31:53]} Nge7 {[%clk 1:30:47]} 5. d4 {[%clk 1:31:41]} cxd4
{[%clk 1:30:44]} 6. Nxd4 {[%clk 1:32:05]} a6 {[%clk 1:29:30]} 7. Be2
{[%clk 1:32:05]} Nxd4 {[%clk 1:21:48]} 8. Qxd4 {[%clk 1:31:38]} Nc6
{[%clk 1:21:56]} 9. Qc3 {[%clk 1:32:05]} b5 {[%clk 1:19:42]} 10. a4
{[%clk 1:24:18]} b4 {[%clk 1:18:49]} 11. Qg3 {[%clk 1:24:43]} Qf6
{[%clk 1:10:57]} 12. Nd2 {[%clk 1:24:37]} Bc5 {[%clk 1:07:19]} 13. Nc4
{[%clk 1:22:03]} O-O {[%clk 1:01:28]} 14. e5 {[%clk 1:21:09]} Qg6
{[%clk 0:59:37]} 15. Qh3 {[%clk 1:21:29]} f6 {[%clk 0:55:21]} 16. exf6
{[%clk 1:18:53]} Qxf6 {[%clk 0:55:05]} 17. Be3 {[%clk 1:18:41]} Bd4
{[%clk 0:48:06]} 18. Bd3 {[%clk 1:15:12]} h6 {[%clk 0:48:00]} 19. Bxd4
{[%clk 1:01:32]} Nxd4 {[%clk 0:40:12]} 20. Nd6 {[%clk 1:00:29]} e5
{[%clk 0:35:14]} 21. Nxc8 {[%clk 0:56:24]} Raxc8 {[%clk 0:35:30]} 22. Qxd7
{[%clk 0:56:46]} Nxc2 {[%clk 0:26:59]} 23. Qd5+ {[%clk 0:56:36]} Qf7
{[%clk 0:25:05]} 24. Qe4 {[%clk 0:55:37]} Qb3 {[%clk 0:23:23]} 25. Rac1
{[%clk 0:55:09]} Nd4 {[%clk 0:21:58]} 26. Rxc8 {[%clk 0:55:27]} Rxc8
{[%clk 0:22:20]} 27. f4 {[%clk 0:55:28]} 1-0

[Event "World Chess Olympiad 2018"]
[Site "Batumi"]
[Date "2018.09.24"]
[Round "1"]
[Board "1"]
[WhiteFideId "4101898"]
[White "Babarykin Stanislav"]
[BlackFideId "15701190"]
[Black "Kibrom Weldegebriel Beraki"]
[Result "1-0"]
[LiveChessVersion "1.4.8"]
[BlackElo "1723"]
[WhiteElo "2396"]

1. d4 {[%clk 1:17:06]} Nf6 {[%clk 1:30:23]} 2. Bf4 {[%clk 1:17:26]} d6
{[%clk 1:28:18]} 3. Nc3 {[%clk 1:14:08]} c6 {[%clk 1:21:47]} 4. e4
{[%clk 1:14:02]} Qa5 {[%clk 1:18:36]} 5. Qd2 {[%clk 1:08:32]} Nbd7
{[%clk 1:15:04]} 6. Nf3 {[%clk 1:06:43]} e5 {[%clk 1:11:05]} 7. Bg3
{[%clk 1:07:06]} Be7 {[%clk 1:07:10]} 8. a3 {[%clk 1:04:20]} O-O {[%clk 0:56:58]}
9. Bc4 {[%clk 1:00:44]} d5 {[%clk 0:41:06]} 10. exd5 {[%clk 1:00:22]} exd4
{[%clk 0:25:46]} 11. Nxd4 {[%clk 1:00:07]} cxd5 {[%clk 0:24:43]} 12. Nxd5
{[%clk 0:46:03]} Qxd2+ {[%clk 0:24:33]} 13. Kxd2 {[%clk 0:46:24]} Nxd5
{[%clk 0:20:55]} 14. Bxd5 {[%clk 0:46:45]} Nb6 {[%clk 0:21:05]} 15. Bb3
{[%clk 0:41:18]} Rd8 {[%clk 0:20:27]} 16. c3 {[%clk 0:41:30]} Bf6
{[%clk 0:19:28]} 17. Bc7 {[%clk 0:38:25]} Rd7 {[%clk 0:19:13]} 18. Rhe1
{[%clk 0:38:04]} g6 {[%clk 0:17:32]} 19. Be5 {[%clk 0:33:29]} Bxe5
{[%clk 0:17:24]} 20. Rxe5 {[%clk 0:33:51]} Rd8 {[%clk 0:16:59]} 21. Rae1
{[%clk 0:33:30]} Bg4 {[%clk 0:15:53]} 22. Re7 {[%clk 0:32:48]} Nd5
{[%clk 0:15:27]} 23. Rxb7 {[%clk 0:32:56]} a5 {[%clk 0:15:15]} 24. Re5
{[%clk 0:32:39]} Be6 {[%clk 0:13:26]} 25. Nxe6 {[%clk 0:33:01]} 1-0

[Event "World Chess Olympiad 2018"]
[Site "Batumi"]
[Date "2018.09.24"]
[Round "1"]
[Board "1"]
[WhiteFideId "1634852"]
[White "Dragnev Valentin"]
[BlackFideId "11200243"]
[Black "Ayyad Husain"]
[Result "1-0"]
[LiveChessVersion "1.4.8"]
[BlackElo "2243"]
[WhiteElo "2508"]

1. Nf3 {[%clk 1:30:38]} Nf6 {[%clk 1:30:17]} 2. c4 {[%clk 1:31:02]} e6
{[%clk 1:29:09]} 3. g3 {[%clk 1:31:13]} b6 {[%clk 1:26:49]} 4. Bg2
{[%clk 1:31:37]} Bb7 {[%clk 1:27:19]} 5. O-O {[%clk 1:31:57]} Be7
{[%clk 1:27:16]} 6. d4 {[%clk 1:32:18]} c5 {[%clk 1:27:25]} 7. d5
{[%clk 1:29:29]} exd5 {[%clk 1:21:03]} 8. Nh4 {[%clk 1:23:52]} d6
{[%clk 1:15:25]} 9. Nf5 {[%clk 1:21:44]} O-O {[%clk 1:15:19]} 10. cxd5
{[%clk 1:21:56]} Bc8 {[%clk 1:12:24]} 11. e4 {[%clk 1:12:38]} Bxf5
{[%clk 1:12:11]} 12. exf5 {[%clk 1:13:02]} Qc8 {[%clk 1:12:37]} 13. g4
{[%clk 1:12:37]} Nfd7 {[%clk 1:12:24]} 14. Nc3 {[%clk 1:12:08]} Qd8
{[%clk 1:12:03]} 15. Ne4 {[%clk 1:08:51]} c4 {[%clk 1:09:20]} 16. g5
{[%clk 0:58:09]} Re8 {[%clk 0:55:28]} 17. Qg4 {[%clk 0:48:28]} Ne5
{[%clk 0:46:37]} 18. Qg3 {[%clk 0:48:35]} Na6 {[%clk 0:33:19]} 19. f6
{[%clk 0:40:03]} Bf8 {[%clk 0:33:37]} 20. f4 {[%clk 0:36:53]} Nd3
{[%clk 0:34:00]} 21. f5 {[%clk 0:36:19]} Nac5 {[%clk 0:28:22]} 22. Qh4
{[%clk 0:25:37]} g6 {[%clk 0:12:14]} 23. fxg6 {[%clk 0:21:49]} hxg6
{[%clk 0:12:42]} 24. Bd2 {[%clk 0:21:39]} Nxe4 {[%clk 0:05:05]} 25. Bxe4
{[%clk 0:21:54]} Ne5 {[%clk 0:04:07]} 26. Bc3 {[%clk 0:20:49]} Qd7
{[%clk 0:04:10]} 27. Rf4 {[%clk 0:18:39]} Qb5 {[%clk 0:01:45]} 28. Rd1
{[%clk 0:17:17]} Rad8 {[%clk 0:00:49]} 29. Bxe5 {[%clk 0:16:30]} dxe5
{[%clk 0:00:48]} 30. Bxg6 {[%clk 0:16:39]} Bc5+ {[%clk 0:01:09]} 31. Kh1
{[%clk 0:16:51]} fxg6 {[%clk 0:01:31]} 32. f7+ {[%clk 0:17:17]} Kf8
{[%clk 0:01:51]} 33. Qh8+ {[%clk 0:15:05]} Ke7 {[%clk 0:02:14]} 34. Qxe5+
{[%clk 0:15:20]} Kd7 {[%clk 0:02:33]} 35. fxe8=Q+ {[%clk 0:15:30]} Rxe8
{[%clk 0:03:00]} 36. Rf7+ {[%clk 0:15:53]} Be7 {[%clk 0:02:32]} 37. Re1
{[%clk 0:14:10]} Qc5 {[%clk 0:01:47]} 38. Rf6 {[%clk 0:12:50]} Rf8
{[%clk 0:00:51]} 39. Rc6 {[%clk 0:12:38]} 1-0